Converging regions global perspectives on Asia and the Middle East
For over a millennium, Asia and the Middle East have been closely connected through maritime activities and trade, a flourishing relationship that has given rise to new and thriving societies across the Indian Ocean region and Arabia. In recent times, with the global political and economic power shi...
Saved in:
| Other Authors: | , |
|---|---|
| Format: | Book |
| Language: | English |
| Published: |
London
Routledge
2016
|
| Series: | The international political economy of new regionalisms series
|
| Subjects: | |
| Tags: |
Add Tag
No Tags, Be the first to tag this record!
|
| Call Number : | HF 1583.Z4 M6284 2016 |
MARC
| LEADER | 00000nam a2200000 c 4500 | ||
|---|---|---|---|
| 001 | 103031 | ||
| 003 | MY-KLNDU | ||
| 005 | 20241220041046.0 | ||
| 008 | 221104 2016 xxk bi 000 0 eng d | ||
| 020 | |a 9781472436856 | ||
| 039 | 9 | |a 202211041202 |b VLOAD |c 201710101633 |d azraai |c 201710101633 |d azraai |y 201707271003 |z helmey | |
| 040 | |a UPNM |b eng |c UPNM |e rda | ||
| 090 | |a HF 1583.Z4 |b M6284 2016 | ||
| 245 | 0 | 0 | |a Converging regions |b global perspectives on Asia and the Middle East |c edited by Nele Lenze and Charlotte Schriwer |
| 264 | 1 | |a London |b Routledge |c 2016 | |
| 300 | |a x, 233 pages |c 24 cm | ||
| 336 | |a text |2 rdacontent | ||
| 337 | |a unmediated |2 rdamedia | ||
| 338 | |a volume |2 rdacarrier | ||
| 490 | 0 | |a The international political economy of new regionalisms series | |
| 500 | |a First published 2014 by Ashgate Publishing | ||
| 504 | |a Includes bibliographical references and index | ||
| 505 | 0 | |a pt. 1. Finance and investment -- pt. 2. Resources, territory, hierarchy -- pt. 3. Nation-states, sovereignty, and international networks -- pt. 4. Redrawing the maps of the future. | |
| 520 | |a For over a millennium, Asia and the Middle East have been closely connected through maritime activities and trade, a flourishing relationship that has given rise to new and thriving societies across the Indian Ocean region and Arabia. In recent times, with the global political and economic power shifts of the past decade, significant events in the Middle East and Asia have brought about fundamental global change; the Arab uprisings, the emergence of India and China as powerful global economies, the growing strength of various new Islamic movements, and serious financial uncertainties on a global scale have laid the foundations of a new world order between East and West. The current volume examines this renewed global dynamic, and how it is changing the relationships between the interdependent global communities across Asia and the Middle East. Focussing on the broader aspects of finance and trade between the Middle East and Asia, as well as growing security issues over natural resources and questions of sovereignty, this volume concludes with speculations on the growing importance of Asia and the Middle East in the global setting. | ||
| 592 | |a IN191/0817 |b 21/8/17 |c RM545.49 |h Kaca Enigma | ||
| 651 | 0 | |a Asia |x Foreign economic relations |z Middle East | |
| 651 | 0 | |a Middle East |x Foreign economic relations |z Asia | |
| 651 | 0 | |a Asia |x Foreign economic relations | |
| 651 | 0 | |a Middle East |x Foreign economic relations | |
| 700 | 1 | |a Lenze, Nele |e editor | |
| 700 | 1 | |a Schriwer, Charlotte |e editor | |
| 999 | |a vtls000059055 |c 103031 |d 103031 | ||


